Which chosen people? (Record no. 114474)
[ view plain ]
| 000 -LEADER | |
|---|---|
| fixed length control field | 01656nam a2200397Ia 4500 |
| 082 04 - DEWEY DECIMAL CLASSIFICATION NUMBER | |
| Classification number | 978.004/975243 |
| 100 1# - MAIN ENTRY--AUTHOR NAME | |
| Personal name | Dodge, Robert, |
| 245 10 - TITLE STATEMENT | |
| Title | Which chosen people? |
| 260 ## - PUBLICATION, DISTRIBUTION, ETC. (IMPRINT) | |
| Place of publication | New York : |
| Name of publisher | Algora Publishing, |
| Year of publication | 2013. |
| 300 ## - PHYSICAL DESCRIPTION | |
| Number of Pages | xiv, 197 p. |
| 650 #0 - SUBJECT ADDED ENTRY--TOPICAL TERM | |
| Topical Term | Dakota Indians |
| Topical Term | Dakota Indians |
| Topical Term | Indians, Treatment of |
| Topical Term | Dakota Indians |
| Topical Term | Dakota Indians |
| Topical Term | Photographers |
| 856 40 - ELECTRONIC LOCATION AND ACCESS | |
| Uniform Resource Identifier | http://site.ebrary.com/lib/rucke/Doc?id=10750972 |
No items available.
